| 000 | 00423nam a2200145Ia 4500 | ||
|---|---|---|---|
| 008 | 230917s9999||||xx |||||||||||||| ||und|| | ||
| 040 |
_e37976 _aMAIN |
||
| 041 | _aEnglish | ||
| 082 | _a658.3 M834W | ||
| 100 | _aMorrison, Richard J | ||
| 245 | 0 | _aWork measurement in machine accounting: control, incentives, scheduling and costing procedures | |
| 260 |
_aNew York _bRonald _c1963 |
||
| 300 | _avii, 286 p. | ||
| 942 | _cBK | ||
| 999 |
_c207867 _d207867 |
||